000 00730nas a2200265 4500
001 BR5900101
003 BR-BrBNA
005 20231205082020.0
007 ta
008 230509b bl.|||p| |||| 00| 00por d
040 _aBR-BrBNA
_bpor
_cBiblioteca Nacional de Agricultura
041 _a(Pt)
072 _aE15
100 1 _aFinger, A.W.
245 1 _aO fundo rotativo nas cooperativas [Capital; Credito; Juro]
650 _aMicroeconomia
650 _aCapital
650 _aCooperativa
650 _aCredito
650 _aFinanciamento
650 _aJuro
773 0 _tSul - Coop. Cooperativismo (Brazil)
_x
_g(Nov 1959), v. 10(59) p. 15
_wBR5900101
909 _a202311
_bLúcia
_c55
_dLúcia Elande
942 _2AGRIS
_n0
_cANA
999 _c88571
_d88571